César de la meilleure actrice - Statistiques

Statistiques générales
  • Ce quiz a été pris 629 fois
    275 depuis la dernière actualisation
  • Le résultat moyen est 26 sur 48
Statistiques - réponses
Année Film Réponse % Correct
2008 La Môme Marion Cotillard
92%
1981 Le Dernier Métro Catherine Deneuve
88%
1993 Indochine Catherine Deneuve
88%
1982 Possession Isabelle Adjani
84%
1984 L'Été meurtrier Isabelle Adjani
84%
1989 Camille Claudel Isabelle Adjani
84%
1995 La Reine Margot Isabelle Adjani
84%
2010 La Journée de la jupe Isabelle Adjani
84%
2012 The Artist Bérénice Bejo
79%
1996 La Cérémonie Isabelle Huppert
79%
2017 Elle Isabelle Huppert
79%
2023 Revoir Paris Virginie Efira
75%
2022 Aline Valérie Lemercier
73%
2021 Antoinette dans les Cévennes Laure Calamy
59%
2014 9 mois ferme Sandrine Kiberlain
58%
1983 La Balance Nathalie Baye
55%
2006 Le Petit Lieutenant Nathalie Baye
55%
1997 Pédale douce Fanny Ardant
54%
1976 L'important c'est d'aimer Romy Schneider
53%
1979 Une histoire simple Romy Schneider
53%
1994 Trois couleurs : Bleu Juliette Binoche
52%
1992 La Vieille qui marchait dans la mer Jeanne Moreau
51%
1978 La Vie devant soi Simone Signoret
51%
2005 Quand la mer monte... Yolande Moreau
51%
2009 Séraphine Yolande Moreau
51%
2019 Jusqu'à la garde Léa Drucker
50%
2016 Marguerite Catherine Frot
48%
2020 Alice et le Maire Anaïs Demoustier
47%
1988 Le Grand Chemin Anémone
45%
2015 Les Combattants Adèle Haenel
44%
1991 Nikita Anne Parillaud
44%
1986 Sans toit ni loi Sandrine Bonnaire
44%
1990 Trop belle pour toi Carole Bouquet
43%
1977 Docteur Françoise Gailland Annie Girardot
41%
2013 Amour Emmanuelle Riva
41%
2002 Sur mes lèvres Emmanuelle Devos
40%
1980 La Dérobade Miou-Miou
40%
1985 Un dimanche à la campagne Sabine Azéma
39%
1987 Mélo Sabine Azéma
39%
2018 Barbara Jeanne Balibar
38%
2000 Haut les cœurs ! Karin Viard
38%
1998 Marius et Jeannette Ariane Ascaride
35%
1999 La Vie rêvée des anges Élodie Bouchez
35%
2004 Stupeur et Tremblements Sylvie Testud
34%
2003 Se souvenir des belles choses Isabelle Carré
33%
2011 Le Nom des gens Sara Forestier
30%
2007 Lady Chatterley Marina Hands
29%
2001 Stand-by Dominique Blanc
25%
Aucun quiz correspondant
Distribution des résultats
% des personnes avec chaque résultat
Percentile par nombre de réponses
Votre historique - résultats
Vous n’avez pas pris ce quiz depuis la dernière actualisation